<?xml version="1.0" encoding="UTF-8"?>
<record
    xmlns:xsi="http://www.w3.org/2001/XMLSchema-instance"
    xsi:schemaLocation="http://www.loc.gov/MARC21/slim http://www.loc.gov/standards/marcxml/schema/MARC21slim.xsd"
    xmlns="http://www.loc.gov/MARC21/slim">

  <leader>00477nam a2200205Ia 4500</leader>
  <controlfield tag="003">OSt</controlfield>
  <controlfield tag="005">20240330164016.0</controlfield>
  <controlfield tag="008">230314s9999    xx            000 0 und d</controlfield>
  <datafield tag="020" ind1=" " ind2=" ">
    <subfield code="a">978-93-5465-493-0</subfield>
  </datafield>
  <datafield tag="041" ind1=" " ind2=" ">
    <subfield code="a">eng</subfield>
  </datafield>
  <datafield tag="082" ind1=" " ind2=" ">
    <subfield code="a">PY 150 SRE B09754</subfield>
  </datafield>
  <datafield tag="100" ind1=" " ind2=" ">
    <subfield code="a">Sreevani R</subfield>
  </datafield>
  <datafield tag="245" ind1=" " ind2=" ">
    <subfield code="a">Applied Psychology for Nurses</subfield>
  </datafield>
  <datafield tag="250" ind1=" " ind2=" ">
    <subfield code="a">4th</subfield>
  </datafield>
  <datafield tag="260" ind1=" " ind2=" ">
    <subfield code="b">Jaypee Brothers</subfield>
    <subfield code="a">New Delhi</subfield>
    <subfield code="c">2022</subfield>
  </datafield>
  <datafield tag="300" ind1=" " ind2=" ">
    <subfield code="a">261p</subfield>
  </datafield>
  <datafield tag="906" ind1=" " ind2=" ">
    <subfield code="b">BSC</subfield>
  </datafield>
  <datafield tag="942" ind1=" " ind2=" ">
    <subfield code="2">ddc</subfield>
    <subfield code="c">BK</subfield>
  </datafield>
  <datafield tag="999" ind1=" " ind2=" ">
    <subfield code="c">142490</subfield>
    <subfield code="d">142490</subfield>
  </datafield>
  <datafield tag="952" ind1=" " ind2=" ">
    <subfield code="0">0</subfield>
    <subfield code="1">0</subfield>
    <subfield code="2">ddc</subfield>
    <subfield code="4">0</subfield>
    <subfield code="7">0</subfield>
    <subfield code="a">BTIN</subfield>
    <subfield code="b">BTIN</subfield>
    <subfield code="d">2022-03-30</subfield>
    <subfield code="e">Varad Enterprises</subfield>
    <subfield code="g">595.00</subfield>
    <subfield code="i">15</subfield>
    <subfield code="l">42</subfield>
    <subfield code="m">18</subfield>
    <subfield code="o">PY 150 SRE B09751</subfield>
    <subfield code="p">BTIN-BK-9751</subfield>
    <subfield code="q">2026-04-07</subfield>
    <subfield code="r">2026-03-20 14:03:36</subfield>
    <subfield code="s">2026-03-20</subfield>
    <subfield code="t">196.35</subfield>
    <subfield code="v">398.65</subfield>
    <subfield code="w">2022-03-26</subfield>
    <subfield code="y">BK</subfield>
    <subfield code="z">B09751</subfield>
  </datafield>
  <datafield tag="952" ind1=" " ind2=" ">
    <subfield code="0">0</subfield>
    <subfield code="1">0</subfield>
    <subfield code="2">ddc</subfield>
    <subfield code="4">0</subfield>
    <subfield code="7">0</subfield>
    <subfield code="a">BTIN</subfield>
    <subfield code="b">BTIN</subfield>
    <subfield code="d">2022-03-30</subfield>
    <subfield code="e">Varad Enterprises</subfield>
    <subfield code="g">595.00</subfield>
    <subfield code="i">15</subfield>
    <subfield code="l">37</subfield>
    <subfield code="m">21</subfield>
    <subfield code="o">PY 150 SRE B09752</subfield>
    <subfield code="p">BTIN-BK-9752</subfield>
    <subfield code="q">2026-04-07</subfield>
    <subfield code="r">2026-03-18 15:35:47</subfield>
    <subfield code="s">2026-03-18</subfield>
    <subfield code="t">196.35</subfield>
    <subfield code="v">398.65</subfield>
    <subfield code="w">2022-03-26</subfield>
    <subfield code="y">BK</subfield>
    <subfield code="z">B09752</subfield>
  </datafield>
  <datafield tag="952" ind1=" " ind2=" ">
    <subfield code="0">0</subfield>
    <subfield code="1">0</subfield>
    <subfield code="2">ddc</subfield>
    <subfield code="4">0</subfield>
    <subfield code="7">0</subfield>
    <subfield code="a">BTIN</subfield>
    <subfield code="b">BTIN</subfield>
    <subfield code="d">2022-03-30</subfield>
    <subfield code="e">Varad Enterprises</subfield>
    <subfield code="g">595.00</subfield>
    <subfield code="i">15</subfield>
    <subfield code="l">35</subfield>
    <subfield code="m">18</subfield>
    <subfield code="o">PY 150 SRE B09753</subfield>
    <subfield code="p">BTIN-BK-9753</subfield>
    <subfield code="r">2026-03-31 10:40:53</subfield>
    <subfield code="s">2026-03-20</subfield>
    <subfield code="t">196.35</subfield>
    <subfield code="v">398.65</subfield>
    <subfield code="w">2022-03-26</subfield>
    <subfield code="y">BK</subfield>
    <subfield code="z">B09753</subfield>
  </datafield>
  <datafield tag="952" ind1=" " ind2=" ">
    <subfield code="0">0</subfield>
    <subfield code="1">0</subfield>
    <subfield code="2">ddc</subfield>
    <subfield code="4">0</subfield>
    <subfield code="7">0</subfield>
    <subfield code="a">BTIN</subfield>
    <subfield code="b">BTIN</subfield>
    <subfield code="d">2022-03-30</subfield>
    <subfield code="e">Varad Enterprises</subfield>
    <subfield code="g">595.00</subfield>
    <subfield code="i">15</subfield>
    <subfield code="l">40</subfield>
    <subfield code="m">28</subfield>
    <subfield code="o">PY 150 SRE B09754</subfield>
    <subfield code="p">BTIN-BK-9754</subfield>
    <subfield code="q">2026-04-07</subfield>
    <subfield code="r">2026-03-20 14:04:20</subfield>
    <subfield code="s">2026-03-20</subfield>
    <subfield code="t">196.35</subfield>
    <subfield code="v">398.65</subfield>
    <subfield code="w">2022-03-26</subfield>
    <subfield code="y">BK</subfield>
    <subfield code="z">B09754</subfield>
  </datafield>
</record>
